00273 a2200109 4500001000700000020000600007040001100013100003300024240005100057245004600108362000900154167009 a  cMagnum aValente, Jose Armando (Org.)10aO computador na sociedade do conhecimentolpor10aO computador na sociedade do conhecimento0 a1899